History Quiz

Random History or Art Quiz

Famous Artwork to Scale Quiz Stats

 Plays Quiz Updated Jul 10, 2019

Score 0/20 Timer 08:00
1 Play Today
% Correct
David
(Michelangelo)
93.9%
Mona Lisa
(da Vinci)
93.4%
Guernica (Picasso)
88.3%
Starry Night
(van Gogh)
82.8%
The Scream
(Munch)
75.1%
Birth of Venus
(Botticelli)
68.3%
Whistler's
Mother
(Whistler)
64.6%
The Night Watch (Rembrandt)
64.1%
Girl with a
Pearl Earring
(Vermeer)
63.9%
Nighthawks (Hopper)
46.3%
% Correct
A Sunday Afternoon
on the Island of
La Grande Jatte
(Seurat)
46.2%
The Son of Man
(Magritte)
38.4%
The Garden of Earthly Delights
(Bosch)
33.6%
Blue Boy
(Gainsborough)
30.5%
Liberty Leading
the People
(Delacroix)
26.4%
Las Meninas
(Velázquez)
22.8%
The Raft of the Medusa
(Géricault)
17.1%
The Hay Wain
(Constable)
16.9%
Peasant Wedding
(Bruegel)
10.3%
The Wedding at Cana (Veronese)
6.5%

You're not logged in!

Compare scores with friends on all Sporcle quizzes.
OR
Log In

Sporcle TV

Today on Sporcle TV


Watch our educational content, quiz creation guides, and fun videos on Sporcle TV.

Show Comments

Extras

Top Quizzes Today


Score Distribution

Your Account Isn't Verified!

In order to create a playlist on Sporcle, you need to verify the email address you used during registration. Go to your Sporcle Settings to finish the process.

Report this User

Report this user for behavior that violates our Community Guidelines.

Details: